Statistics for Rajanaapurit maailmassa 100 sekuntia

Click here to take the quiz!

General Stats

  • This quiz has been taken 9 times
  • The average score is 151 of 157

Answers on the Map

Answers color-coded by a green-red scale on the quiz's map according to % correct below.
Loading ...
 

Answer Stats

Country% Correct
Afganistan
100%
Panama
100%
Niger
100%
Nigeria
100%
Pohjois-Korea
100%
Norja
100%
Oman
100%
Pakistan
100%
Paraguay
100%
Alankomaat
100%
Peru
100%
Puola
100%
Portugali
100%
Qatar
100%
Kongon tasavalta
100%
Romania
100%
Venäjä
100%
Nicaragua
100%
Nepal
100%
San Marino
100%
Malesia
100%
Lesotho
100%
Liberia
100%
Libya
100%
Liettua
100%
Luxemburg
100%
Makedonia
100%
Mali
100%
Namibia
100%
Mauritania
100%
Meksiko
100%
Moldova
100%
Mongolia
100%
Montenegro
100%
Marokko
100%
Mosambik
100%
Ruanda
100%
Saudi Arabia
100%
Latvia
100%
Iso-Britannia
100%
Tunisia
100%
Turkki
100%
Turkmenistan
100%
Uganda
100%
Ukraina
100%
Yhdistyneet arabiemiraatit
100%
Yhdysvallat
100%
Thaimaa
100%
Uruguay
100%
Uzbekistan
100%
Vatikaanivaltio
100%
Venezuela
100%
Vietnam
100%
Jemen
100%
Sambia
100%
Togo
100%
Tansania
100%
Senegal
100%
Etelä-Korea
100%
Serbia
100%
Sierra Leone
100%
Slovakia
100%
Slovenia
100%
Somalia
100%
Etelä-Afrikka
100%
Etelä-Sudan
100%
Tadzikistan
100%
Espanja
100%
Sri Lanka
100%
Sudan
100%
Suriname
100%
Swazimaa
100%
Ruotsi
100%
Sveitsi
100%
Albania
100%
Zimbabwe
100%
Laos
100%
Tsad
100%
Egypti
100%
Ecuador
100%
Kirgisia
100%
Dominikaaninen tasavalta
100%
Djibouti
100%
Tanska
100%
Kongon demokraattinen tasavalta
100%
Tsekki
100%
Kroatia
100%
Norsunluurannikko
100%
Costa Rica
100%
Kolumbia
100%
Kiina
100%
Chile
100%
Keski-Afrikan tasavalta
100%
Päiväntasaajan Guinea
100%
Bangladesh
100%
Benin
100%
Bhutan
100%
Bolivia
100%
Bosnia and
Herzegovina
100%
Botswana
100%
Brasilia
100%
Bulgaria
100%
Kanada
100%
Azerbaidzan
100%
Burkina Faso
100%
Myanmar
100%
Burundi
100%
Kambodza
100%
Kamerun
100%
El Salvador
100%
Eritrea
100%
Belgia
100%
Israel
100%
Intia
100%
Indonesia
100%
Iran
100%
Irak
100%
Irlanti
100%
Angola
100%
Italia
100%
Unkari
100%
Jordania
100%
Andorra
100%
Kazakstan
100%
Kenia
100%
Algeria
100%
Kuwait
100%
Argentiina
100%
Honduras
100%
Viro
100%
Georgia
100%
Etiopia
100%
Itävalta
100%
Suomi
100%
Ranska
100%
Gabon
100%
Armenia
100%
Saksa
100%
Haiti
100%
Ghana
100%
Kreikka
100%
Guatemala
100%
Guinea
100%
Guinea-Bissau
100%
Guyana
100%
Valko-Venäjä
100%
Itä-Timor
50%
Belize
50%
Brunei
50%
Syyria
50%
Papua Uusi Guinea
50%
Monaco
50%
Malawi
50%
Kosovo
50%
Libanon
50%
Gambia
0%
Liechtenstein
0%

Score Distribution

Percentile by Number Answered

Percent of People with Each Score

Your Score History

You have not taken this quiz